Palindrome Phrase Typing Challenge Quiz Stats

Quiz Updated Apr 9, 2016

Also try: Palindromic Words
Challenge
Share
Tweet
Embed
Score 0/40 Timer 02:00
2 Plays Today
Type This Typed % Correct
????
100%
????
98.7%
????
98%
????
97.2%
????
96.6%
????
95.7%
????
94.6%
????
94%
????
93.3%
????
92.5%
????
91.7%
????
90.8%
????
88.9%
????
86.6%
????
84.5%
????
82.3%
????
79.1%
????
75.6%
????
70.4%
????
61.9%
Type This Typed % Correct
????
50.9%
????
44.2%
????
38.4%
????
33.6%
????
29.5%
????
25.2%
????
21.2%
????
17.3%
????
15.3%
????
13.2%
????
11.2%
????
9.9%
????
8.6%
????
7.1%
????
6%
????
5.1%
????
4.5%
????
4%
????
3.5%
????
3.2%

You're not logged in!

Compare scores with friends on all Sporcle quizzes.
Sign Up with Email
OR
Log In

You Might Also Like...

Show Comments

Extras

Top Quizzes Today


Score Distribution

Your Account Isn't Verified!

In order to create a playlist on Sporcle, you need to verify the email address you used during registration. Go to your Sporcle Settings to finish the process.